000 00920nas a2200289 4500
001 BR2010002321
003 BR-BrBNA
005 20231205114220.0
007 ta
008 230509b bl.|||p| |||| 00| 00por d
040 _aBR-BrBNA
_bpor
_cBiblioteca Nacional de Agricultura
041 _a(En)
072 _aH20
100 1 _aRomeiro, R.S.
100 1 _aLanna Filho, R.
100 1 _aMacagnan, D.
100 1 _aGarcia, F.A.O.
100 1 _aSilva, H.S.A.
245 1 _aEvidence that the biocontrol agent Bacillus cereus synthesizes protein that can elicit increased resistance of tomato leaves to Corynespora cassiicola
650 _aTOMATE
650 _aFUNGO
650 _aBACTERIA
650 _aCONTROLE BIOLÓGICO
773 0 _tTropical Plant Pathology (Brazil)
_xISSN 1982-5676
_g(Jan-Feb 2010), v. 35(1) p. 11-15
_wBR2010002321
909 _a202311
_bLúcia
_c55
_dLúcia Elande
942 _2AGRIS
_n0
_cANA
999 _c207648
_d207648